| 000 | 01621cad a22002535a 4500 | ||
|---|---|---|---|
| 001 | L149062 | ||
| 008 | 091231s2009 xxk f 000 0 eng d | ||
| 020 | _a9780117540880 | ||
| 035 | _a(Sirsi) u149062 | ||
| 041 | 0 | _aeng | |
| 050 | 0 | 4 | _a711.1 $2 18 |
| 110 | 2 |
_aUnited Kingdom _bDepartment for Communities and Local Government _94939 |
|
| 245 | 0 | 0 |
_aPlanning Policy Statement 4 _bPlanning for sustainable economic growth _h[electronic resource] |
| 260 |
_aLondon _bDCLG _c2009 |
||
| 505 | 2 | _aIntroduction -- Using evidence -- Planning making policies -- Monitoring -- Development management policies | |
| 520 | _aA planning policy framework for sustainable economic development in urban and rural areas including town centres. Defines economic development outlining the types of schemes covered. Annexe A lists cancelled policy and guidance. Annexe B definitions, Annexe C compiling the evidence base and Annexe D Town Centre Health Check indicator. | ||
| 520 | _aReplaces Planning Policy Guidance 4: Industrial, Commercial Development and Small Firms; Planning Policy Guidance 5: Simplified Planning Zones; Planning Policy Statement 6: Planning for Town Centres (PPS6) and the economic development sections of Planning Policy Statement 7: Sustainable Development in Rural Areas. | ||
| 521 | _aADVANCED | ||
| 590 | _aKA NTK | ||
| 651 | 4 | _aENGLAND AND WALES | |
| 690 | _aENVIRONMENTAL AND LAND CONSULTANCY-PLANNING AND DEVELOPMENT | ||
| 856 | 4 | 0 |
_uhttps://www.communities.gov.uk/documents/planningandbuilding/pdf/planningpolicystatement4.pdf _zview the item free of charge at www.communities.gov.uk |
| 942 | _n0 | ||
| 999 |
_c110356 _d110356 |
||